Fisiología circulatoria / (Registro nro. 919)
[ vista simple ]
| 000 -LEADER | |
|---|---|
| fixed length control field | 00579nam a2200181 a 4500 |
| 008 - CAMPO DE CONTROL (LIBRO) | |
| fixed length control field | 110902s1984 ag a f |||| 001 0 spa d |
| 020 ## - INTERNATIONAL STANDARD BOOK NUMBER | |
| ISBN | 9500619652 |
| 041 ## - CODIGO DE IDIOMA | |
| Código de idioma del texto/pista de sonido o título separado | spa |
| 092 ## - SIGNATURA TOPOGRAFICA DEWEY LOCAL | |
| número de clasificación | 612.1 |
| libristica | 79 |
| sección | SMI |
| 100 1# - ENTRADA PRINCIPAL--NOMBRE PERSONAL | |
| Nombre personal | Smith, James L. |
| 9 (RLIN) | 1431 |
| 245 ## - TITULO PROPIAMENTE DICHO | |
| Título | Fisiología circulatoria / |
| Mención de responsabilidad y remanente de la transcripción de la portada | James L. Smith |
| 250 ## - MENCION DE EDICION | |
| Mención de edición | 2a ed. |
| 260 ## - PIE DE IMPRENTA | |
| Lugar de publicación, distribución, etc | Buenos Aires: |
| Nombre de la editorial, distribuidor, etc | Editorial Médica Panamericana; |
| Fecha de publicación | 1984. |
| 300 ## - DESCRIPCION FISICA | |
| Extension | 220 p. |
| 500 ## - NOTA GENERAL | |
| Nota general | Smith, J. L. (1984). Fisiología circulatoria. (2a ed.) Buenos Aires: Editorial Médica Panamericana. |
| 653 ## - TÉRMINO INDIZADO - PALABRAS CLAVES | |
| Palabra clave | Fisiología circulatoria |
| 942 ## - ADDED ENTRY ELEMENTS (KOHA) | |
| Source of classification or shelving scheme | Dewey Decimal Classification |
| Item type | Libros |
| Estado de retiro | Existencia | Fuente de clasificación | Estado general | No para prestamo | Ubicación permanente | ubicación actual | Sala de ubicación | Fecha de adquisición | Total Checkouts | Total Renewals | Número de clasificación | Código de barras | Checked out | Date last seen | Date last borrowed | Número de ejemplar | Price effective from | Koha tipo de elemento (item) | Public note |
|---|---|---|---|---|---|---|---|---|---|---|---|---|---|---|---|---|---|---|---|
| Dewey Decimal Classification | Biblioteca Medicina | Biblioteca Medicina | Referencia | 02/09/2011 | 1 | 11 | 612.1 79 SMI | 731 | 01/03/2029 | 06/11/2014 | 16/09/2011 | ej.1 | 02/09/2011 | Libros | LIBRO DE CATEDRA |